000 00862nam0a22002651 4500
001 rc\537158
005 20250621123225.0
010 _a5-270-00229-9
_98000
035 _a(NLR Aleph) 005774622
090 _a5066074
_c5066074
100 _a20030616d1988 |||y0rusy50 ca
101 0 _arus
102 _aRU
105 _ay |||||||||
200 1 _aКрасная ласточка осень
_eСтихи
_fМарина Тарасова
210 _aМ.
_cСовременник
_d1988
215 _a79, [1] с.
_d16
225 1 _aНовинки "Современника"
700 1 _aТарасова
_bМ. Б.
_cписатель, переводчик
_f1939-
_gМарина Борисовна
_9229471
_3RU\NLR\AUTH\770229527
801 0 _aRU
_bNLR
_gpsbo
801 1 _aRU
_bELAR
_2rusmarc
852 _aNLR
_j88-2/3361
942 _cBOOK
980 _aNB